Principles of information systems : (Record no. 47416)

MARC details
000 -LEADER
fixed length control field 00687nam a22001817a 4500
008 - FIXED-LENGTH DATA ELEMENTS--GENERAL INFORMATION
fixed length control field 161123b xxu||||| |||| 00| 0 eng d
020 ## - INTERNATIONAL STANDARD BOOK NUMBER
International Standard Book Number 9780619215613
050 ## - LIBRARY OF CONGRESS CALL NUMBER
Classification number T58.6
Item number .S72 2006
100 ## - MAIN ENTRY--PERSONAL NAME
Personal name Stair, Ralph M.
245 ## - TITLE STATEMENT
Title Principles of information systems :
Remainder of title a managerial approach /
Statement of responsibility, etc Ralph M. Stair, George W. Reynolds.
250 ## - EDITION STATEMENT
Edition statement 7th ed.
260 ## - PUBLICATION, DISTRIBUTION, ETC. (IMPRINT)
Place of publication, distribution, etc Boston, Mass. :
Name of publisher, distributor, etc Thomson/Course Technology,
Date of publication, distribution, etc 2006.
300 ## - PHYSICAL DESCRIPTION
Extent xxxv, 758 p. :
Other physical details col. ill. ;
Dimensions 29 cm. +
Accompanying material 1 CD-ROM (4 3/4 in.)
500 ## - GENERAL NOTE
General note Includes bibliographical references and indexes.
650 ## - SUBJECT ADDED ENTRY--TOPICAL TERM
Topical term or geographic name as entry element Management information systems.
700 ## - ADDED ENTRY--PERSONAL NAME
Personal name Reynolds, George Walter,
Dates associated with a name 1944-
942 ## - ADDED ENTRY ELEMENTS (KOHA)
Source of classification or shelving scheme Library of Congress Classification
Item type Book
Holdings
Withdrawn status Lost status Source of classification or shelving scheme Damaged status Not for loan Collection code Home library Current library Shelving location Date acquired Cost, normal purchase price Full call number Barcode Copy number Price effective from Koha item type
    Library of Congress Classification     Non-fiction Nairobi Campus Nairobi Campus General Circulation 23/11/2016 1000.00 T58.6 .S72 2006 048635 1 23/11/2016 Book
    Library of Congress Classification     Non-fiction Nairobi Campus Nairobi Campus General Circulation 23/11/2016 1000.00 T58.6 .S72 2006 048636 1 23/11/2016 Book